000
00237nam a2200097Ia 4500
001
721559
005
20250826163254.0
008
250824s9999 xx 000 0 und d
245
0
_a
HAMSTER KATİLİ
_c
ANNIE GRAVES
260
_b
MARTI YAYINLARI
999
_c
721559
_d
721559